|
|
|
|
| LEADER |
00000nam0a2200000 4500 |
| 001 |
47438 |
| 005 |
20231031030146.0 |
| 010 |
|
|
|a 5941250290
|
| 035 |
|
|
|a (RuTPU)RU\TPU\book\49552
|
| 090 |
|
|
|a 47438
|
| 100 |
|
|
|a 20030217d2002 m y0rusy50 ca
|
| 101 |
0 |
|
|a rus
|
| 102 |
|
|
|a RU
|
| 105 |
|
|
|a y j 000zy
|
| 200 |
1 |
|
|a Самоучитель по бухгалтерскому учету
|e По состоянию на 1 сентября 2002 года
|f Н. В. Пошерстник, М. С. Мейксин
|
| 205 |
|
|
|a 6-е изд., перераб. и доп.
|
| 210 |
|
|
|a Москва
|a СПб.
|c Герда
|d 2002
|
| 215 |
|
|
|a 560 с.
|
| 300 |
|
|
|a С учетом требований нового трудового кодекса
|
| 333 |
|
|
|a Исключено из фонда НТБ ТПУ
|
| 700 |
|
1 |
|a Пошерстник
|b Н. В.
|
| 701 |
|
1 |
|a Мейксин
|b М. С.
|
| 801 |
|
1 |
|a RU
|b 63413507
|c 20030217
|g PSBO
|
| 801 |
|
2 |
|a RU
|b 63413507
|c 20150824
|g PSBO
|
| 942 |
|
|
|c BK
|